Tíz éve működik galéria a Mühlstein-házban megünnepelték a városi múzeum újraalapításának tizedik évfordulóját ...

Bibliographic Details
Main Author: Forgács, Miklós, 1973- (Author)
Format: Article
Language:Hungarian
Slovak
PhysicalDescription:Fotogr.
Subjects:

MARC

LEADER 00000nab a2200000 ar4500
001 vtls008623489
003 SK-MaSNL
005 20260318133059.0
008 060120c20051228xo |||||| | 000 b|hun
015 |a SNBRB2006/01  |2 snkbucl 
038 |a SNKBUCL 
040 |a DSZK  |b slo  |c DSZK  |e AACR2 
041 0 |a slo 
044 |a xo  |c SK 
080 |a 069.02  |x (437.6)  |2 UDC-MRF-SK2 
080 |a 069.02(437.6):73/76  |2 UDC-MRF-SK2 
100 1 |a Forgács, Miklós,  |d 1973-  |4 aut  |9 118484 
245 1 0 |a Tíz éve működik galéria a Mühlstein-házban  |b megünnepelték a városi múzeum újraalapításának tizedik évfordulóját ...  |c Forgács Miklós 
300 |b Fotogr. 
610 2 7 |a Hontianske múzeum  |2 snkbucl  |9 34939 
610 2 7 |a Galéria Ľudovíta Simonyiho (Šahy, Slovensko)  |2 snkbucl  |9 1054932 
651 7 |a Šahy (Slovensko)  |2 snkbucl  |9 58701 
773 0 |t Új szó  |g Évf. 58, sz. 298 (28.12.2005) 
773 0 8 |i Príl.:  |t Szülőföldünk  |g Évf. 2, sz. 52 (2005), o. 28 
852 |a SNK  |b KIS3GCP 
852 |a DSZK  |b KIS3GCP 
958 |a HU 
958 |a SK 
999 |c 2183178  |d 2185108